[Event "1. Ernst Stoeckl Gedenkturnier"]
[Site "?"]
[Date "2002.02.07"]
[Round "6.1"]
[White "Hirsch, Adolf Jun"]
[Black "Blatny, Frantisek"]
[Result "1/2-1/2"]
[WhiteElo "2071"]
[BlackElo "2245"]
[PlyCount "135"]
[EventDate "2002.??.??"]

1. Nf3 d5 2. c4 c6 3. g3 e6 4. b3 Nd7 5. Bg2 Bc5 6. Bb2 Ngf6 7. Qc2 O-O 8. O-O
Re8 9. d4 Bf8 10. Nbd2 a5 11. a3 Rb8 12. e4 Nxe4 13. Nxe4 dxe4 14. Qxe4 b5 15.
c5 Nf6 16. Qc2 Nd5 17. Ne5 Qc7 18. Be4 g6 19. h4 Bg7 20. h5 f6 21. Nf3 f5 22.
Bd3 Bf6 23. hxg6 hxg6 24. Kg2 Re7 25. Rh1 Rb7 26. Ne5 Bxe5 27. dxe5 Qd8 28. Rh6
Rh7 29. Qd2 g5 30. Rah1 Rxh6 31. Rxh6 Kg7 32. Rh1 b4 33. a4 Rd7 34. Qe2 Rf7 35.
Qh5 Kf8 36. Bc1 f4 37. gxf4 Nxf4+ 38. Bxf4 gxf4 39. Qh8+ Ke7 40. Qxd8+ Kxd8 41.
Rh8+ Kc7 42. Rh7 Rxh7 43. Bxh7 Ba6 44. Kf3 Kd7 45. Bc2 Bf1 46. Kxf4 Be2 47. Ke3
Bh5 48. Bd3 Bd1 49. Bc4 Ke7 50. Kd2 Bf3 51. Be2 Bd5 52. Bd1 Kf7 53. Ke3 Ke7 54.
Bc2 Kd7 55. Kf4 Ke7 56. Kg5 Bf3 57. Kg6 Be2 58. f4 Bg4 59. Kg5 Bf3 60. f5 exf5
61. Kxf5 Bd5 62. Bd1 Kf7 63. Kf4 Ke6 64. Bc2 Kd7 65. Ke3 Kc7 66. Kd4 Be6 67.
Bd1 Kd7 68. Bc2 1/2-1/2

[Event "1. Ernst Stoeckl Gedenkturnier"]
[Site "?"]
[Date "2002.02.07"]
[Round "6.1"]
[White "Janetschek, Karl"]
[Black "Srienz, Christian"]
[Result "0-1"]
[WhiteElo "2293"]
[BlackElo "2145"]
[PlyCount "44"]
[EventDate "2002.??.??"]

1. e4 c5 2. Nf3 Nc6 3. d4 cxd4 4. Nxd4 Nf6 5. Nc3 e5 6. Ndb5 d6 7. Bg5 a6 8.
Na3 b5 9. Bxf6 gxf6 10. Nd5 f5 11. Bd3 Be6 12. Qh5 Rg8 13. O-O f4 14. c4 Rg6
15. cxb5 Nd4 16. Rac1 Bg4 17. Nc7+ Kd7 18. Qxh7 Nf3+ 19. Kh1 Rh6 20. Qxf7+ Be7
21. h3 Rxh3+ 22. gxh3 Qh8 0-1

[Event "1. Ernst Stoeckl Gedenkturnier"]
[Site "?"]
[Date "2002.02.07"]
[Round "6.1"]
[White "Ebner, Franz"]
[Black "Rott, Jakob"]
[Result "0-1"]
[WhiteElo "2000"]
[BlackElo "1874"]
[PlyCount "70"]
[EventDate "2002.??.??"]

1. d4 d5 2. Nc3 e6 3. e4 dxe4 4. Nxe4 Nf6 5. Nxf6+ Qxf6 6. Nf3 Qd8 7. Bd3 Be7
8. Bf4 c5 9. O-O O-O 10. dxc5 Qa5 11. b4 Qxb4 12. Bxb8 Rxb8 13. Rb1 Qa5 14. Rb5
Qc7 15. c6 Qxc6 16. Rh5 g6 17. Ne5 Qc7 18. Nxg6 hxg6 19. Qd2 f5 20. Rh6 Kg7 21.
g4 Qd8 22. gxf5 exf5 23. Rh3 Bg5 24. f4 Qd4+ 25. Rf2 Be7 26. c3 Qf6 27. Rg2
Bc5+ 28. Kf1 Be6 29. Rg5 Rbd8 30. Rhg3 Bf7 31. Qg2 Rxd3 32. Rxd3 Bc4 33. Qxb7+
Rf7 34. Qf3 Qxc3 35. Rg3 Rd7 0-1

[Event "1. Ernst Stoeckl Gedenkturnier"]
[Site "?"]
[Date "2002.02.07"]
[Round "6.1"]
[White "Hangweyrer, Roman"]
[Black "Linnert, Peter"]
[Result "1-0"]
[WhiteElo "2081"]
[BlackElo "1891"]
[PlyCount "37"]
[EventDate "2002.??.??"]

1. Nf3 b6 2. g3 Bb7 3. Bg2 d5 4. d4 Nf6 5. O-O e6 6. c4 Be7 7. cxd5 exd5 8. Nc3
O-O 9. Ne5 a6 10. Qc2 Nbd7 11. Bf4 Rc8 12. Rfd1 h6 13. Rac1 Bd6 14. Qf5 Qe7 15.
Nxd7 Nxd7 16. Bxd5 Bxf4 17. Qxf4 Bxd5 18. Nxd5 Qxe2 19. Re1 1-0

[Event "1. Ernst Stoeckl Gedenkturnier"]
[Site "?"]
[Date "2002.02.08"]
[Round "7.1"]
[White "Dueckstein, Andreas"]
[Black "Petroczi, Thomas"]
[Result "1/2-1/2"]
[WhiteElo "2297"]
[BlackElo "2025"]
[PlyCount "54"]
[EventDate "2002.??.??"]

1. e4 c6 2. d4 d5 3. Nc3 dxe4 4. Nxe4 Bf5 5. Ng3 Bg6 6. Nf3 Nd7 7. Bd3 Bxd3 8.
Qxd3 Ngf6 9. O-O e6 10. Re1 Be7 11. b3 O-O 12. Bb2 Re8 13. Rad1 Qc7 14. c4 Rad8
15. Bc3 a6 16. Qd2 Bd6 17. Qb2 Bf8 18. h3 h6 19. Qd2 b6 20. Qc2 Qb7 21. Ne4 Be7
22. Nxf6+ Bxf6 23. Qe4 Qc7 24. Bd2 Be7 25. Bf4 Bd6 26. Bc1 Be7 27. Bb2 Bf6
1/2-1/2

[Event "1. Ernst Stoeckl Gedenkturnier"]
[Site "?"]
[Date "2002.02.08"]
[Round "7.1"]
[White "Kuba, Guenter"]
[Black "Roth, Peter"]
[Result "1-0"]
[WhiteElo "2293"]
[BlackElo "2266"]
[PlyCount "93"]
[EventDate "2002.??.??"]

1. e4 e6 2. d4 d5 3. Nd2 Nc6 4. c3 e5 5. exd5 Qxd5 6. Ngf3 exd4 7. Bc4 Qf5 8.
Nxd4 Nxd4 9. cxd4 Be6 10. Qa4+ c6 11. O-O O-O-O 12. Qxa7 Bd6 13. Re1 Nf6 14.
Bxe6+ fxe6 15. Nf3 Kc7 16. Qa4 Rhf8 17. Bg5 Ra8 18. Qc4 Nd5 19. Bh4 Rae8 20.
Bg3 Bf4 21. b4 Nb6 22. Qb3 g5 23. Re2 g4 24. Ne5 Bxg3 25. Qxg3 Qf4 26. Qc3 Rd8
27. Rd1 Rd5 28. g3 Qf5 29. Rc1 Na4 30. Qb3 Ra8 31. b5 Rxd4 32. bxc6 b6 33. Qa3
Qf8 34. Qe3 Rd6 35. Nxg4 Nc5 36. Ne5 Ra4 37. Nd7 Nxd7 38. cxd7+ Kxd7 39. Qc3
Ra7 40. Rec2 Ke7 41. Qe5 Rdd7 42. Rc8 Ra5 43. Qb8 Qh6 44. Re1 Qg6 45. Rh8 Rf5
46. Qxb6 Qf7 47. Rxe6+ 1-0

[Event "1. Ernst Stoeckl Gedenkturnier"]
[Site "?"]
[Date "2002.02.08"]
[Round "7.1"]
[White "Wiedner, Robert"]
[Black "Kilgus, Georg"]
[Result "0-1"]
[WhiteElo "2185"]
[BlackElo "2203"]
[PlyCount "86"]
[EventDate "2002.??.??"]

1. c4 g6 2. Nc3 Bg7 3. d4 Nf6 4. Bg5 h6 5. Bxf6 Bxf6 6. f4 c5 7. d5 Qa5 8. Qd2
d6 9. e4 O-O 10. Nf3 Bg4 11. e5 Bg7 12. Bd3 Nd7 13. h3 Bxf3 14. gxf3 dxe5 15.
f5 e4 16. Bxe4 Ne5 17. Rc1 gxf5 18. f4 Nxc4 19. Qe2 Nxb2 20. Rg1 Kh8 21. Rxg7
Kxg7 22. Bxf5 Qb4 23. Qe5+ f6 24. Qe3 Rf7 25. Ke2 Qc4+ 26. Kf3 Kf8 27. Rb1 Na4
28. Nxa4 Qxa4 29. Qxc5 b6 30. Qf2 Rg7 31. Be6 Qa3+ 32. Rb3 Qc1 33. Qh4 Qh1+ 34.
Ke3 Qg1+ 35. Ke4 Qg6+ 36. Bf5 Qg2+ 37. Kd4 Qg1+ 38. Ke4 Qg2+ 39. Rf3 Qe2+ 40.
Re3 Qc4+ 41. Kf3 Qxd5+ 42. Be4 Qd1+ 43. Re2 Rc8 0-1

[Event "1. Ernst Stoeckl Gedenkturnier"]
[Site "?"]
[Date "2002.02.08"]
[Round "7.1"]
[White "Kleiser, Gregor"]
[Black "Mueller, Roland"]
[Result "0-1"]
[WhiteElo "2177"]
[BlackElo "1942"]
[PlyCount "82"]
[EventDate "2002.??.??"]

1. d4 Nf6 2. c4 g6 3. Nc3 Bg7 4. e4 d6 5. Nge2 e5 6. d5 a5 7. Ng3 O-O 8. Be2
Na6 9. h4 c6 10. h5 cxd5 11. exd5 Bd7 12. hxg6 fxg6 13. Be3 Qc8 14. f3 Nc5 15.
b3 e4 16. fxe4 Ng4 17. Bd4 Ne5 18. Qd2 Ned3+ 19. Bxd3 Bxd4 20. O-O-O Be5 21.
Nge2 b5 22. Qh6 Rf7 23. Bc2 bxc4 24. bxc4 Qa6 25. Rdf1 Raf8 26. Rxf7 Rxf7 27.
Qh4 Qxc4 28. Qd8+ Kg7 29. Qxa5 Bg4 30. Kd2 Bxe2 31. Nxe2 Nxe4+ 32. Bxe4 Qxe4
33. Qb5 Rc7 34. a4 Bf4+ 35. Kd1 Qc2+ 36. Ke1 Qd2+ 37. Kf2 Qe3+ 38. Kf1 Rf7 39.
Ke1 Qd2+ 40. Kf2 Be5+ 41. Kg1 Qe1# 0-1

[Event "1. Ernst Stoeckl Gedenkturnier"]
[Site "?"]
[Date "2002.02.08"]
[Round "7.1"]
[White "Blatny, Frantisek"]
[Black "Prager, Manfred"]
[Result "1/2-1/2"]
[WhiteElo "2245"]
[BlackElo "2063"]
[PlyCount "38"]
[EventDate "2002.??.??"]

1. e4 c5 2. Nc3 Nc6 3. g3 d6 4. Bg2 Nf6 5. d3 e6 6. f4 Be7 7. Nh3 O-O 8. O-O
Ne8 9. g4 Nc7 10. f5 Nd4 11. Ne2 Nxe2+ 12. Qxe2 f6 13. Nf4 Bd7 14. Rf3 e5 15.
Nh5 g6 16. Ng3 g5 17. c4 Be8 18. Be3 b5 19. b3 a5 1/2-1/2

[Event "1. Ernst Stoeckl Gedenkturnier"]
[Site "?"]
[Date "2002.02.08"]
[Round "7.1"]
[White "Kuthan, Andreas"]
[Black "Hirsch, Adolf Jun"]
[Result "1-0"]
[WhiteElo "2146"]
[BlackElo "2071"]
[PlyCount "65"]
[EventDate "2002.??.??"]

1. e4 e6 2. d4 d5 3. Nd2 c5 4. Ngf3 Nf6 5. e5 Nfd7 6. c3 Nc6 7. Bd3 cxd4 8.
cxd4 f6 9. O-O f5 10. Nb1 Be7 11. Nc3 a6 12. Ne2 Nf8 13. Nf4 Bd7 14. g4 Qb6 15.
gxf5 Nxd4 16. fxe6 Nxf3+ 17. Qxf3 Bxe6 18. Nxd5 Bxd5 19. Qxd5 Rd8 20. Qe4 Ne6
21. Be3 Bc5 22. Qa4+ Ke7 23. Qh4+ g5 24. Qe4 Nf4 25. Bc4 Ne6 26. Qf5 Bxe3 27.
Qf6+ Ke8 28. Qxh8+ Kd7 29. Bxe6+ Qxe6 30. Rad1+ Kc6 31. Qf6 Qxf6 32. exf6 Bf4
33. Rxd8 1-0

[Event "1. Ernst Stoeckl Gedenkturnier"]
[Site "?"]
[Date "2002.02.08"]
[Round "7.1"]
[White "Srienz, Christian"]
[Black "Horvath, Maria"]
[Result "1/2-1/2"]
[WhiteElo "2145"]
[BlackElo "1986"]
[PlyCount "62"]
[EventDate "2002.??.??"]

1. e4 e6 2. Nf3 d5 3. e5 c5 4. b4 cxb4 5. a3 bxa3 6. d4 Nh6 7. Bd3 Nf5 8. O-O
Nc6 9. c3 Be7 10. Bxa3 O-O 11. Re1 Bd7 12. Qc2 h6 13. Qe2 Bxa3 14. Nxa3 Na5 15.
Kh1 Rc8 16. g4 Nh4 17. g5 Nxf3 18. Qxf3 Qxg5 19. Rg1 Qe7 20. Rg3 f5 21. Rag1
Rxc3 22. Nb1 Rcc8 23. Nd2 Kh7 24. Qg2 Rg8 25. Rg6 Rcf8 26. Nf3 Be8 27. Be2 Nc6
28. Ng5+ Kh8 29. Nxe6 Bxg6 30. Qxg6 Qf7 31. Nxf8 Rxf8 1/2-1/2

[Event "1. Ernst Stoeckl Gedenkturnier"]
[Site "?"]
[Date "2002.02.08"]
[Round "7.1"]
[White "Titz, Herbert"]
[Black "Hangweyrer, Roman"]
[Result "0-1"]
[WhiteElo "1996"]
[BlackElo "2081"]
[PlyCount "121"]
[EventDate "2002.??.??"]

1. e4 c5 2. Nc3 Nc6 3. f4 g6 4. Nf3 Bg7 5. Bc4 e6 6. O-O Nge7 7. e5 d5 8. Be2
a6 9. d4 cxd4 10. Nxd4 Nxd4 11. Qxd4 Nc6 12. Qf2 O-O 13. Rd1 f6 14. exf6 Qxf6
15. Na4 g5 16. Nb6 Rb8 17. c4 d4 18. g3 gxf4 19. Nxc8 Rbxc8 20. Qxf4 Ne5 21.
Qxf6 Bxf6 22. Bh6 Rfd8 23. Rf1 Bg7 24. Bg5 Rd7 25. Bf6 d3 26. Bh5 Rxc4 27. Rad1
Ng4 28. b3 Nxf6 29. Rxf6 Bxf6 30. bxc4 d2 31. Kf2 Bc3 32. Ke3 Kg7 33. Rf1 Ba5
34. Bd1 Bb6+ 35. Ke2 e5 36. Bc2 Ba5 37. Rf5 Bc7 38. Rf1 Rd4 39. Bb3 Ba5 40. Ke3
Bb6 41. Rd1 Rh4+ 42. Kxd2 Rxh2+ 43. Kd3 Bd4 44. Rd2 Rh3 45. Rg2 Kf6 46. Ke4 Kg5
47. Ba4 Rh1 48. Bd7 b6 49. Rd2 h5 50. Kf3 Rc1 51. Be6 Rc3+ 52. Kg2 a5 53. Kh2
a4 54. Kg2 a3 55. Bg8 h4 56. gxh4+ Kxh4 57. Be6 Kg5 58. Bd7 Kf4 59. Kf1 Be3 60.
Rg2 e4 61. Ke2 0-1

[Event "1. Ernst Stoeckl Gedenkturnier"]
[Site "?"]
[Date "2002.02.08"]
[Round "7.1"]
[White "Rott, Jakob"]
[Black "Reimitzer, Wolfgang"]
[Result "0-1"]
[WhiteElo "1874"]
[BlackElo "2023"]
[PlyCount "80"]
[EventDate "2002.??.??"]

1. d4 d5 2. c4 c6 3. Nf3 Nf6 4. e3 e6 5. Bd3 Nbd7 6. O-O Bd6 7. Nbd2 O-O 8. e4
dxe4 9. Nxe4 Nxe4 10. Bxe4 h6 11. Re1 c5 12. b3 Nf6 13. Bc2 cxd4 14. Nxd4 Bb4
15. Re3 Bc5 16. Rd3 Qb6 17. Bxh6 Bxd4 18. Rxd4 gxh6 19. Rh4 Kg7 20. Rxh6 Kxh6
21. Qd2+ Kh5 22. Re1 Ng4 23. Bd1 f5 24. h3 Qc5 25. Qf4 Kg6 26. hxg4 fxg4 27.
Bc2+ Kg7 28. Qxg4+ Kf7 29. Re3 Ke8 30. Bg6+ Kd8 31. Rd3+ Bd7 32. Qh4+ Kc8 33.
Rd2 a5 34. Qh2 Bc6 35. Qh3 Kb8 36. Qxe6 Ka7 37. a4 Rad8 38. Rxd8 Qxf2+ 39. Kh2
Rxd8 40. Qh3 Rh8 0-1

[Event "1. Ernst Stoeckl Gedenkturnier"]
[Site "?"]
[Date "2002.02.08"]
[Round "7.1"]
[White "Havlicek, Josef"]
[Black "Ebner, Franz"]
[Result "1-0"]
[WhiteElo "2147"]
[BlackElo "2000"]
[PlyCount "73"]
[EventDate "2002.??.??"]

1. d4 e5 2. dxe5 Nc6 3. Nf3 Qe7 4. Nc3 Nxe5 5. Nd5 Nxf3+ 6. gxf3 Qd8 7. Bf4 d6
8. e4 c6 9. Nc3 Be6 10. Qd2 Qa5 11. Bd3 Nf6 12. Rg1 h6 13. Qe2 O-O-O 14. Bd2
Qh5 15. O-O-O d5 16. exd5 Nxd5 17. Nxd5 Qxd5 18. a3 Qa2 19. Bc3 Bd6 20. Be5
Bxe5 21. Qxe5 Rd5 22. Qxg7 Rhd8 23. Qc3 c5 24. b4 Kb8 25. Be4 Rxd1+ 26. Rxd1
Rxd1+ 27. Kxd1 Qb1+ 28. Ke2 cxb4 29. axb4 Qa2 30. Qe5+ Kc8 31. Qc5+ Kd8 32.
Bxb7 Qc4+ 33. Qxc4 Bxc4+ 34. Ke3 Kc7 35. Kd4 Ba2 36. Bd5 Bb1 37. Kc3 1-0

[Event "1. Ernst Stoeckl Gedenkturnier"]
[Site "?"]
[Date "2002.02.08"]
[Round "7.1"]
[White "Linnert, Peter"]
[Black "Janetschek, Karl"]
[Result "0-1"]
[WhiteElo "1891"]
[BlackElo "2293"]
[PlyCount "42"]
[EventDate "2002.??.??"]

1. c4 e5 2. Nc3 Nf6 3. g3 d5 4. cxd5 Nxd5 5. Bg2 Nb6 6. Nf3 Nc6 7. O-O Be7 8.
b3 O-O 9. Bb2 Be6 10. Rc1 f6 11. Ne4 a5 12. Nc5 Bxc5 13. Rxc5 a4 14. d4 axb3
15. axb3 e4 16. Nd2 f5 17. g4 Nxd4 18. Nxe4 Nxb3 19. Qxd8 Rfxd8 20. gxf5 Nxc5
21. fxe6 Nxe6 0-1

[Event "1. Ernst Stoeckl Gedenkturnier"]
[Site "?"]
[Date "2002.02.09"]
[Round "8.1"]
[White "Mueller, Roland"]
[Black "Dueckstein, Andreas"]
[Result "0-1"]
[WhiteElo "1942"]
[BlackElo "2297"]
[PlyCount "92"]
[EventDate "2002.??.??"]

1. e4 d5 2. exd5 Qxd5 3. Nc3 Qa5 4. Nf3 Nf6 5. Be2 Bf5 6. Nd4 Bg6 7. d3 c6 8.
Bf3 e6 9. Qe2 Be7 10. Nb3 Qc7 11. g3 Nbd7 12. Ne4 a5 13. a4 O-O 14. O-O Nd5 15.
c3 Rfe8 16. h4 h6 17. d4 e5 18. Re1 f5 19. Ned2 Bf6 20. Qf1 exd4 21. Nxd4 Rxe1
22. Qxe1 Re8 23. Ne2 f4 24. Nf1 fxg3 25. Nfxg3 Bxh4 26. Bxd5+ cxd5 27. Bf4 Qb6
28. Qd2 Nf6 29. Rd1 Qe6 30. Bxh6 Bxg3 31. Nxg3 gxh6 32. Qxh6 Qf7 33. Rd4 Qg7
34. Qf4 Re1+ 35. Kg2 Nh5 36. Qb8+ Re8 37. Qd6 Nxg3 38. Qxg3 Be4+ 39. f3 Qxg3+
40. Kxg3 Bc2 41. Rxd5 Bxa4 42. Rxa5 Bc6 43. f4 Re2 44. b4 Re3+ 45. Kg4 Rxc3 46.
b5 Bd7+ 0-1

[Event "1. Ernst Stoeckl Gedenkturnier"]
[Site "?"]
[Date "2002.02.09"]
[Round "8.1"]
[White "Petroczi, Thomas"]
[Black "Kilgus, Georg"]
[Result "1/2-1/2"]
[WhiteElo "2025"]
[BlackElo "2203"]
[PlyCount "98"]
[EventDate "2002.??.??"]

1. d4 Nf6 2. Nf3 g6 3. Bg5 Ne4 4. Bf4 Bg7 5. e3 O-O 6. Nbd2 Nxd2 7. Qxd2 c5 8.
c3 d6 9. e4 cxd4 10. cxd4 Bg4 11. Be2 Nc6 12. Be3 d5 13. e5 Qb6 14. h3 Bf5 15.
O-O f6 16. exf6 exf6 17. Rac1 Rfe8 18. Nh4 Be6 19. b3 Bf7 20. Rfd1 Bf8 21. Qb2
Qa5 22. a4 a6 23. Bf1 Qb4 24. Rc3 Rac8 25. Rdc1 Qa3 26. Qb1 Qe7 27. Bd3 Qd7 28.
Nf3 Nb4 29. Be2 Nc6 30. Ne1 Bb4 31. R3c2 Ba3 32. Rd1 Be6 33. Qa1 Bd6 34. Bf3
Nb4 35. Rxc8 Rxc8 36. Rc1 Rc6 37. Rxc6 Qxc6 38. Qc1 Bf5 39. Qxc6 bxc6 40. Kf1
Nc2 41. Be2 a5 42. Bd3 Bxd3+ 43. Nxd3 Bc7 44. Ke2 Bb6 45. Nc5 Kf7 46. Kd2 Nb4
47. Nd3 Na6 48. Kc3 Ke6 49. f3 Kd6 1/2-1/2

[Event "1. Ernst Stoeckl Gedenkturnier"]
[Site "?"]
[Date "2002.02.09"]
[Round "8.1"]
[White "Kuba, Guenter"]
[Black "Kuthan, Andreas"]
[Result "1-0"]
[WhiteElo "2293"]
[BlackElo "2146"]
[PlyCount "59"]
[EventDate "2002.??.??"]

1. e4 e6 2. d4 d5 3. Nd2 c5 4. exd5 exd5 5. Ngf3 Nf6 6. dxc5 Bxc5 7. Nb3 Bb6 8.
Bb5+ Nc6 9. O-O O-O 10. a4 Bg4 11. Re1 Ne4 12. Be3 Bc7 13. Be2 Qd6 14. g3 Qf6
15. c3 Rfe8 16. Nfd4 Bh3 17. Nb5 Nxg3 18. hxg3 Bxg3 19. Bf3 Qh4 20. fxg3 Qxg3+
21. Kh1 Ne5 22. Rg1 Qh4 23. Bg5 Qf2 24. Bg2 Qf5 25. Qf1 Qxg5 26. Bxh3 Qh5 27.
Qf5 Qe2 28. Rae1 Qxb2 29. Rxe5 Qxb3 30. Nc7 1-0

[Event "1. Ernst Stoeckl Gedenkturnier"]
[Site "?"]
[Date "2002.02.09"]
[Round "8.1"]
[White "Roth, Peter"]
[Black "Hangweyrer, Roman"]
[Result "1-0"]
[WhiteElo "2266"]
[BlackElo "2081"]
[PlyCount "93"]
[EventDate "2002.??.??"]

1. e4 c5 2. Nc3 Nc6 3. Bb5 g6 4. Bxc6 dxc6 5. d3 Bg7 6. f4 e5 7. Nf3 Bg4 8. h3
Bxf3 9. Qxf3 Ne7 10. Be3 exf4 11. Qxf4 Bd4 12. O-O-O O-O 13. g4 Bxe3+ 14. Qxe3
Qd4 15. Qf3 Rad8 16. h4 Nc8 17. h5 Nb6 18. Qh3 g5 19. Ne2 Qg7 20. h6 Qe5 21.
Rhf1 Na4 22. c3 c4 23. Rf5 Qe7 24. Qe3 cxd3 25. Nd4 f6 26. Qxd3 Qf7 27. Ra5
Qxa2 28. Qb1 Qc4 29. Qc2 Nc5 30. b3 Nxb3+ 31. Nxb3 Rxd1+ 32. Qxd1 Qxc3+ 33. Qc2
Qe3+ 34. Kb2 Qg1 35. Qc4+ Kh8 36. Qb4 Qh2+ 37. Ka3 Rf7 38. Rxa7 Qxh6 39. Ra8+
Kg7 40. Qd6 Qh3 41. e5 fxe5 42. Qxe5+ Kh6 43. Qe6+ Kg7 44. Qe5+ Kh6 45. Re8 Rg7
46. Qf6+ Rg6 47. Qf8+ 1-0

[Event "1. Ernst Stoeckl Gedenkturnier"]
[Site "?"]
[Date "2002.02.09"]
[Round "8.1"]
[White "Srienz, Christian"]
[Black "Blatny, Frantisek"]
[Result "1-0"]
[WhiteElo "2145"]
[BlackElo "2245"]
[PlyCount "113"]
[EventDate "2002.??.??"]

1. d4 e6 2. e4 d5 3. Nc3 Bb4 4. e5 c5 5. Bd2 c4 6. Nf3 Nc6 7. g3 f5 8. exf6
Nxf6 9. Bg2 O-O 10. O-O Ba5 11. Ne2 Bb6 12. Bf4 Ne4 13. c3 g5 14. Be3 h6 15.
Nd2 Nd6 16. g4 Nf7 17. f4 e5 18. f5 Re8 19. Kh1 e4 20. Ng3 Bc7 21. Qe1 Bd6 22.
Qf2 Rf8 23. Rfe1 Bxg3 24. Qxg3 b5 25. Nf1 b4 26. Bd2 bxc3 27. Bxc3 Nd6 28. Ne3
Nb5 29. Rad1 Nxc3 30. bxc3 Re8 31. Rb1 a6 32. Qh3 Qd6 33. Qh5 Bd7 34. h4 Re7
35. f6 Rh7 36. Qg6+ Kh8 37. Nxd5 Rg8 38. Qxe4 Qg3 39. Ne7 Nxe7 40. fxe7 Qxh4+
41. Kg1 Be8 42. Rb6 Rf7 43. Re3 Rf4 44. Qe5+ Kh7 45. Rh3 Qf2+ 46. Kh1 h5 47.
Be4+ Rxe4 48. Qxe4+ Kg7 49. Qe5+ Kf7 50. Qe6+ Kg7 51. Qh6+ Kf7 52. Qxh5+ Kxe7
53. Qh7+ Bf7 54. Qe4+ Kf8 55. Rb8+ Kg7 56. Rh7+ Kf6 57. Rb6+ 1-0

[Event "1. Ernst Stoeckl Gedenkturnier"]
[Site "?"]
[Date "2002.02.09"]
[Round "8.1"]
[White "Prager, Manfred"]
[Black "Wiedner, Robert"]
[Result "0-1"]
[WhiteElo "2063"]
[BlackElo "2185"]
[PlyCount "86"]
[EventDate "2002.??.??"]

1. e4 c5 2. Nf3 e6 3. d4 cxd4 4. Nxd4 Qb6 5. Nb3 Qc7 6. Nc3 a6 7. Be2 b5 8. Be3
Bb7 9. Bf3 d6 10. O-O Nf6 11. a3 Nbd7 12. g3 h5 13. Re1 Ne5 14. Bg2 Nc4 15. Bc1
h4 16. Nd2 Ne5 17. Nf3 hxg3 18. hxg3 Neg4 19. Qe2 Rc8 20. Bg5 Qb6 21. Nh4 Rc5
22. Be3 Nxe3 23. Qxe3 Qc7 24. Rad1 Ng4 25. Qd4 Rc4 26. Qd2 Be7 27. Nf3 Qc5 28.
Re2 Qh5 29. Qd3 Kf8 30. Rde1 g6 31. Nd1 d5 32. exd5 Bxd5 33. Nc3 Rxc3 34. bxc3
Bc5 35. Nh4 Bc4 36. Qd8+ Kg7 37. Qc7 Bxe2 38. Rxe2 Qg5 39. Nf3 Qc1+ 40. Bf1
Rh1+ 41. Kxh1 Qxf1+ 42. Ng1 Bxf2 43. Rxf2 Qxf2 0-1

[Event "1. Ernst Stoeckl Gedenkturnier"]
[Site "?"]
[Date "2002.02.09"]
[Round "8.1"]
[White "Reimitzer, Wolfgang"]
[Black "Kleiser, Gregor"]
[Result "0-1"]
[WhiteElo "2023"]
[BlackElo "2177"]
[PlyCount "32"]
[EventDate "2002.??.??"]

1. d4 Nf6 2. c4 g6 3. Nc3 d5 4. Nf3 Bg7 5. Qb3 dxc4 6. Qxc4 O-O 7. e4 a6 8. Be3
b5 9. Qb3 c5 10. dxc5 Be6 11. Qc2 Qa5 12. Bd2 Qc7 13. b4 Nc6 14. a3 Rfd8 15.
Be2 Ng4 16. O-O Nd4 0-1

[Event "1. Ernst Stoeckl Gedenkturnier"]
[Site "?"]
[Date "2002.02.09"]
[Round "8.1"]
[White "Horvath, Maria"]
[Black "Havlicek, Josef"]
[Result "1/2-1/2"]
[WhiteElo "1986"]
[BlackElo "2147"]
[PlyCount "78"]
[EventDate "2002.??.??"]

1. d4 d5 2. c4 e6 3. Nc3 Nf6 4. cxd5 exd5 5. Bg5 Nbd7 6. e3 Be7 7. Bd3 O-O 8.
Nf3 Re8 9. O-O c6 10. Qc2 Nf8 11. Rab1 Bd6 12. Bf5 h6 13. Bxf6 Qxf6 14. Bxc8
Raxc8 15. b4 Ng6 16. Rfc1 Rc7 17. b5 h5 18. b6 axb6 19. Rxb6 h4 20. Nxd5 cxd5
21. Qxc7 Bxc7 22. Rxf6 Bxh2+ 23. Kxh2 gxf6 24. Rb1 Ra8 25. Rb2 f5 26. Kh3 f4
27. Nxh4 fxe3 28. Nxg6 exf2 29. Rxf2 fxg6 30. Kg4 Ra4 31. Rd2 Kg7 32. Kg5 Rc4
33. Rb2 Rxd4 34. Rxb7+ Kf8 35. g4 Ra4 36. Kf6 Rf4+ 37. Kg5 Ra4 38. Kf6 Rf4+ 39.
Kg5 Ra4 1/2-1/2

[Event "1. Ernst Stoeckl Gedenkturnier"]
[Site "?"]
[Date "2002.02.09"]
[Round "8.1"]
[White "Janetschek, Karl"]
[Black "Rott, Jakob"]
[Result "1-0"]
[WhiteElo "2293"]
[BlackElo "1874"]
[PlyCount "53"]
[EventDate "2002.??.??"]

1. e4 c5 2. Nf3 d6 3. d4 cxd4 4. Nxd4 Nf6 5. Nc3 a6 6. Bd3 e6 7. f4 Qc7 8. Qf3
b5 9. a3 Bb7 10. g4 e5 11. Nf5 g6 12. Ne3 Bg7 13. g5 Nfd7 14. Ncd5 Qd8 15. f5
Nc6 16. f6 Bf8 17. h4 Nd4 18. Qg2 Ne6 19. h5 Rg8 20. h6 Nb6 21. O-O Rc8 22. Bd2
Na4 23. b3 Nac5 24. a4 Nd4 25. axb5 Nxd3 26. cxd3 Nxb5 27. Ba5 1-0

[Event "1. Ernst Stoeckl Gedenkturnier"]
[Site "?"]
[Date "2002.02.09"]
[Round "8.1"]
[White "Ebner, Franz"]
[Black "Titz, Herbert"]
[Result "1-0"]
[WhiteElo "2000"]
[BlackElo "1996"]
[PlyCount "160"]
[EventDate "2002.??.??"]

1. c4 Nf6 2. Nc3 e5 3. g3 g6 4. Bg2 Bg7 5. Nf3 d6 6. d4 exd4 7. Nxd4 O-O 8. O-O
Nbd7 9. b3 Rb8 10. Bb2 Re8 11. Qd2 Nc5 12. Rae1 Nce4 13. Nxe4 Nxe4 14. Qc2 Qe7
15. f3 Ng5 16. e4 Bh3 17. Bxh3 Nxh3+ 18. Kg2 Ng5 19. h4 Ne6 20. Nxe6 Qxe6 21.
Bxg7 Kxg7 22. f4 f6 23. Qc3 Re7 24. Re3 Rbe8 25. Rfe1 Rd8 26. R1e2 b6 27. b4
Kf7 28. b5 h5 29. Qd4 Red7 30. Qd5 Re7 31. a4 Qxd5 32. cxd5 a5 33. Kf3 Rde8 34.
g4 Rh8 35. g5 fxg5 36. hxg5 Rd8 37. Rc3 Rdd7 38. Rec2 Ke8 39. f5 Rf7 40. Kf4
Kd8 41. Rf3 Rde7 42. Rcf2 Re5 43. Ke3 Rg7 44. fxg6 Rxg6 45. Rf8+ Kd7 46. R2f7+
Re7 47. Kf4 Rg7 48. Rxg7 Rxg7 49. Kf5 Ke7 50. Rh8 Rf7+ 51. Kg6 Rf4 52. Rh7+ Kf8
53. Rxc7 h4 54. e5 dxe5 55. d6 Ke8 56. Re7+ Kd8 57. Rxe5 Kd7 58. Rd5 h3 59. Rd1
h2 60. Kh5 Rf8 61. Kg6 Rh8 62. Rh1 Kxd6 63. Kf7 Rh4 64. g6 Kc5 65. g7 Rf4+ 66.
Ke6 Rg4 67. Kf6 Kb4 68. Rxh2 Kxa4 69. Rh5 Rxg7 70. Kxg7 Kb4 71. Kf6 a4 72. Ke6
a3 73. Kd6 a2 74. Rh1 Kxb5 75. Ra1 Kc4 76. Rxa2 b5 77. Rc2+ Kb3 78. Rc8 b4 79.
Kd5 Ka2 80. Kc4 b3 1-0

[Event "1. Ernst Stoeckl Gedenkturnier"]
[Site "?"]
[Date "2002.02.09"]
[Round "8.1"]
[White "Hirsch, Adolf Jun"]
[Black "Linnert, Peter"]
[Result "1-0"]
[WhiteElo "2071"]
[BlackElo "1891"]
[PlyCount "57"]
[EventDate "2002.??.??"]

1. Nf3 g6 2. d4 Bg7 3. g3 Nf6 4. Bg2 O-O 5. c4 d6 6. O-O c5 7. dxc5 dxc5 8. Nc3
Nc6 9. Bf4 Be6 10. Ne5 Nxe5 11. Bxe5 Bxc4 12. Bxb7 Qxd1 13. Rfxd1 Rad8 14. b3
Be6 15. Nb5 c4 16. Nc7 Bd7 17. bxc4 Ba4 18. Rxd8 Rxd8 19. c5 Rd2 20. Bf3 Rc2
21. Rb1 h6 22. Na6 Nd7 23. Bxg7 Kxg7 24. Rb4 Rxa2 25. c6 Nb6 26. Nc5 Bd1 27. c7
Rc2 28. Rxb6 Rxc5 29. Rc6 1-0

[Event "1. Ernst Stoeckl Gedenkturnier"]
[Site "?"]
[Date "2002.02.10"]
[Round "9.1"]
[White "Wiedner, Robert"]
[Black "Dueckstein, Andreas"]
[Result "0-1"]
[WhiteElo "2185"]
[BlackElo "2297"]
[PlyCount "52"]
[EventDate "2002.??.??"]

1. c4 e5 2. Nc3 Nf6 3. e4 Nc6 4. a3 Bc5 5. b4 Bd4 6. Nge2 d6 7. d3 O-O 8. Nxd4
Nxd4 9. h3 a5 10. b5 c6 11. Rb1 d5 12. a4 Ne6 13. Ba3 Re8 14. g3 Nd4 15. exd5
cxd5 16. Bg2 dxc4 17. dxc4 Be6 18. c5 Qd7 19. O-O Bxh3 20. c6 bxc6 21. bxc6 Qe6
22. Rb6 Bxg2 23. Kxg2 Rab8 24. Ra6 Qc4 25. Nb5 Nxb5 26. axb5 Qxb5 0-1

[Event "1. Ernst Stoeckl Gedenkturnier"]
[Site "?"]
[Date "2002.02.10"]
[Round "9.1"]
[White "Mueller, Roland"]
[Black "Kuba, Guenter"]
[Result "1/2-1/2"]
[WhiteElo "1942"]
[BlackElo "2293"]
[PlyCount "83"]
[EventDate "2002.??.??"]

1. e4 e5 2. Nf3 Nc6 3. Bb5 a6 4. Ba4 Nf6 5. O-O Be7 6. Re1 b5 7. Bb3 O-O 8. a4
Bb7 9. d3 d6 10. Nbd2 Re8 11. Nf1 Bf8 12. Bd2 h6 13. Ne3 b4 14. a5 Nd4 15. Nxd4
exd4 16. Nd5 c5 17. Nb6 Ra7 18. Qf3 Bc6 19. g4 Rae7 20. Qg2 g6 21. f4 Bg7 22.
f5 Kh7 23. g5 hxg5 24. fxg6+ fxg6 25. Bxg5 Bd7 26. Nxd7 Qxd7 27. Ba4 Qe6 28.
Bxe8 Rxe8 29. Bxf6 Bxf6 30. Rf1 Kg7 31. e5 Bxe5 32. Qb7+ Re7 33. Qxa6 Qg4+ 34.
Kh1 Bxh2 35. Qa8 Bf4 36. Rxf4 Qxf4 37. Qg2 Re3 38. a6 Qh4+ 39. Kg1 Rg3 40. a7
Rxg2+ 41. Kxg2 Qg4+ 42. Kf2 1/2-1/2